00285nam a2200097 4500245005500000100001900055260006000074300001800134490001800152082001700170 aMinistry of fear : an entertainmentcGraham Greene aGreene, Graham aHarmondsworth,Engb Penguin Booksc1963[reprinted 1972] a236p.; 18cm.- aPenguin books a823.912bGRE